Normal view
MARC view
- Muhammad Umar, M Umair Riaz Sipra, Syed Salaar Haider
Entry Personal Name
001 - CONTROL NUMBER
- control field: 10276
003 - CONTROL NUMBER IDENTIFIER
- control field: NUST
005 - DATE AND TIME OF LATEST TRANSACTION
- control field: 20180503050411.0
008 - FIXED-LENGTH DATA ELEMENTS
- fixed length control field: 180503|| aca||aabn | a|a d
040 ## - CATALOGING SOURCE
- Original cataloging agency: NUST
- Transcribing agency: NUST
100 ## - HEADING--PERSONAL NAME
- Personal name: Muhammad Umar, M Umair Riaz Sipra, Syed Salaar Haider
670 ## - SOURCE DATA FOUND
- Source citation: Work cat.: (NUST): Muhammad Umar, M Umair Riaz Sipra, Syed Salaar Haider, "To Design the Parameters for Carbon Trading System in Pakistan", 2017
